Linear analysis of electronic circuits / (Record no. 13493)
[ view plain ]
| 000 -LEADER | |
|---|---|
| fixed length control field | 00930nam a2200301I 4500 |
| 001 - CONTROL NUMBER | |
| control field | 13493 |
| 003 - CONTROL NUMBER IDENTIFIER | |
| rucl marc code | BD-RJUL |
| 005 - DATE AND TIME OF LATEST TRANSACTION | |
| control field | 20211208235449.0 |
| 008 - FIXED-LENGTH DATA ELEMENTS--GENERAL INFORMATION | |
| fixed length control field | 140201s1965 maua b 001 0 eng |
| 035 ## - SYSTEM CONTROL NUMBER | |
| System control number | MITb10164690 |
| System control number | (BD-RJUL13544) |
| System control number | GLIS00164690 |
| 040 ## - CATALOGING SOURCE | |
| Transcribing agency | WSU |
| Modifying agency | MYG |
| Original cataloging agency | BD-RjUL |
| Language of cataloging | eng |
| 041 ## - LANGUAGE CODE | |
| Language code of text/sound track or separate title | eng |
| 082 ## - DEWEY DECIMAL CLASSIFICATION NUMBER | |
| Classification number | 621.3815 |
| Author mark and year | GLL 1965 |
| 090 ## - LOCALLY ASSIGNED LC-TYPE CALL NUMBER (OCLC); LOCAL CALL NUMBER (OCLC) | |
| Classification number (OCLC) (R) ; Classification number, CALL (RLIN) (NR) | TK7870 |
| Local cutter number (OCLC) ; Book number/undivided call number, CALL (RLIN) | .G548 |
| 099 ## - LOCAL FREE-TEXT CALL NUMBER (OCLC) | |
| Bangla Class number | TK7870.G548 |
| 100 1# - MAIN ENTRY--PERSONAL NAME | |
| Personal name | Glasford, Glenn M., |
| Dates associated with a name | 1918- |
| 9 (RLIN) | 42088 |
| 245 10 - TITLE STATEMENT | |
| Title | Linear analysis of electronic circuits / |
| Statement of responsibility, etc. | Glenn M. Glasford |
| 260 ## - PUBLICATION, DISTRIBUTION, ETC. (IMPRINT) | |
| Place of publication, distribution, etc. | Reading, Mass : |
| Name of publisher, distributor, etc. | Addison-Wesley Pub. Co, |
| Date of publication, distribution, etc. | 1965 |
| 300 ## - PHYSICAL DESCRIPTION | |
| Pagination | 580 p. : |
| Illustrations | Illas ; |
| Size | 28 cm. |
| 490 1# - SERIES STATEMENT | |
| Series statement | Addison-Wesley series in electrical engineering |
| 504 ## - BIBLIOGRAPHY, ETC. NOTE | |
| Bibliography, etc | Includes index and bibliographies. |
| 650 #0 - SUBJECT ADDED ENTRY--TOPICAL TERM | |
| Topical term or geographic name as entry element | Electronic circuits. |
| 9 (RLIN) | 38587 |
| 830 #0 - SERIES ADDED ENTRY--UNIFORM TITLE | |
| Uniform title | Addison-Wesley series in electrical engineering. |
| 942 ## - ADDED ENTRY ELEMENTS (KOHA) | |
| Source of classification or shelving scheme | Dewey Decimal Classification |
| Koha item type | Books |
| Lost status | Source of classification or shelving scheme | Damaged status | Not for loan | Collection code | Permanent Location | Current Location | Shelving location | Date acquired | Source of acquisition | Cost, normal purchase price | Total Checkouts | Full call number | Date last seen | Copy number | Koha item type |
|---|---|---|---|---|---|---|---|---|---|---|---|---|---|---|---|
| Dewey Decimal Classification | Not For Loan | Non-fiction | Central Library, University of Rajshahi | Central Library, University of Rajshahi | Reading Room | 09/09/1971 | Zeitlinger | 54.00 | 621.3815 GLL 1965 | 01/02/2014 | C-1 | Books | |||
| Dewey Decimal Classification | Non-fiction | Central Library, University of Rajshahi | Central Library, University of Rajshahi | 09/09/1971 | Zeitlinger | 54.00 | 621.3815 GLL 1965 | 06/06/2017 | C-2 | Books |